000 nam a22 7a 4500
999 _c7506
_d7506
008 170916b xxu||||| |||| 00| 0 eng d
100 _94034
_aMatto.J.J.
245 _aExplore Mathematics-6
260 _aNew Delhi
_c2015